000 00862nam a2200217Ia 4500
005 20241129111149.0
008 241129s9999||||xx |||||||||||||| ||und||
020 _a978-81-935317-4-7
037 _aTB
040 _aCRL
_bhin
_cCRL
041 _asan
_2san
084 _aO152,1J32,11:g 15Q8
_qCRL
100 _aभुमरे पी. एम., ले.
245 0 _aरामचरितमानस तथा भावार्थ रामायण: नये संदर्भ: एक तुलनात्मक अध्ययन
_cभुमरे पी. एम., ले.
260 _aकानपुर, भारत
_bवान्या पब्लिकेशंस
_c2018
300 _a316पृ0
365 _aINR
_b750
650 _aHindi literaturePoetry
942 _cTB
_hO152,1J32,11:g 15Q8
999 _c1229208
_d1229208